000 00694nam a2200145 a 4500
001 000029244
005 20200930055424.0
008 110414s1958 dr ac r 000 0 spa d
040 _aDO-SdBNP
_bspa
_cBNPHU
082 _axxx
_bR426i
110 1 _aRepública Dominicana
_bSecretaría de Estado de Finanzas
_932264
245 1 0 _aInaguración del busto del generalísimo Dr. Rafael Leonidas Trujillo, benefactor de la patría y padre de la patría nueva restaurador de la independencia financiera de la república, erigido en los jardines de la Secretaría de Estado de Finanzas.
260 _aCiudad Trujillo, República Dominicana :
_b[s.n.],
_c1958.
300 _a22, [5] p. :
_bil., retrs. ;
_c23 cm.
999 _c28736
_d28736